[Event "Sautron op 18th"]
[Site "Sautron "]
[Date "2018.10.20"]
[Round "8.36"]
[White "Gohier, Adrien"]
[Black "Giraud, Thierry"]
[Result "0-1"]
[WhiteElo "1477"]
[BlackElo "1776"]
[PlyCount "32"]
[EventDate "2018.10.20"]
[EventType "swiss"]
[EventRounds "9"]
[EventCountry "FRA"]
[SourceTitle "EXT 2021"]
[Source "ChessBase"]
[SourceDate "2020.10.23"]
[SourceVersion "1"]
[SourceVersionDate "2020.10.23"]
[SourceQuality "1"]

1. e4 g6 2. d4 Bg7 3. Nf3 d6 4. Be2 a6 5. 0-0 b5 6. Bg5 h6 7. Bh4 Nd7 8. c3 Bb7 9. Qd3 c5 10. b3 Rc8 11. Na3 Qc7 12. c4 Qa5 13. Nc2 bxc4 14. bxc4 cxd4 15. Ncxd4 Nc5 16. Qe3 Bxe4 0-1